00290nam a2200109Ia 4500008004100000041000800041082001300049100001600062245002800078260006500106300000900171220803s9999 xx 000 0 und d aeng a891.8DES aDeshpande V aSfurtidayak Samar Kavya b"Bharatiy Vichar Sadhana Sadhana Prakashan Pune, Pune"c2022 a162p